Underwater acoustic positioning systems (Record no. 86156)

MARC details
000 -LEADER
fixed length control field 00799cam a2200229 4500
001 - CONTROL NUMBER
control field D7128
008 - FIXED-LENGTH DATA ELEMENTS--GENERAL INFORMATION
fixed length control field 090401t1983 xxu||||| |||| 00| 0 eng d
020 ## - INTERNATIONAL STANDARD BOOK NUMBER
International Standard Book Number 0419121005
035 ## - SYSTEM CONTROL NUMBER
System control number (Sirsi) u5309
041 ## - LANGUAGE CODE
Language code of text/sound track or separate title eng
050 ## - LIBRARY OF CONGRESS CALL NUMBER
Classification number 623.8938
-- 18
050 ## - LIBRARY OF CONGRESS CALL NUMBER
Classification number 620.25
100 ## - MAIN ENTRY--PERSONAL NAME
Personal name Milne, P. H.
245 ## - TITLE STATEMENT
Title Underwater acoustic positioning systems
260 ## - PUBLICATION, DISTRIBUTION, ETC.
Place of publication, distribution, etc. London
Name of publisher, distributor, etc. E and F N Spon
Date of publication, distribution, etc. 1983
300 ## - PHYSICAL DESCRIPTION
Extent x, 284p.
Dimensions 25cm
350 ## - PRICE (NR) (BK AM CF MU VM SE) [OBSOLETE]
Price 25
520 ## - SUMMARY, ETC.
Summary, etc. A detailed examination of underwater acoustic position fixing considering, theory, computations, corrections and the systems available. The use of these systems in seabed surveys, offshore development and offshore platform maintenance and inspection is also discussed.
690 ## - LOCAL SUBJECT ADDED ENTRY--TOPICAL TERM (OCLC, RLIN)
Topical term or geographic name as entry element Hydrography
9 (RLIN) 6245
942 ## - ADDED ENTRY ELEMENTS (KOHA)
Suppress in OPAC 0
948 ## - LOCAL PROCESSING INFORMATION (OCLC); SERIES PART DESIGNATOR (RLIN)
c (OCLC) 04/03/1997
Holdings
Withdrawn status Lost status Source of classification or shelving scheme Damaged status Not for loan Home library Current library Shelving location Date acquired Cost, normal purchase price Total Checkouts Full call number Barcode Date last seen Copy number Cost, replacement price Price effective from Koha item type
    Dewey Decimal Classification     London London Books 14/09/1999 25.00   623.8938 MIL 30017532 06/08/2019 1 25.00 06/08/2019 Book